Guess the Taylor Swift song with no hints n4 - Statistics

General Stats
  • This quiz has been taken 77 times
  • The average score is 297 of 379
Answer Stats
Answer % Correct
a
100%
I
100%
to
98%
you
98%
the
96%
when
96%
your
96%
an
94%
it
94%
no
94%
all
92%
and
92%
do
92%
I'm
92%
in
92%
me
92%
my
92%
on
92%
this
92%
This
92%
for
90%
go
90%
is
90%
say
90%
so
90%
you're
88%
don't
86%
It's
86%
it's
86%
love
86%
that
86%
not
84%
one
84%
who
84%
with
84%
be
82%
like
82%
want
82%
now
80%
of
80%
what
80%
but
78%
But
78%
Meet
78%
us
78%
head
76%
just
76%
Just
76%
need
76%
wanna
74%
down
72%
out
72%
afterglow
70%
Even
68%
mind
68%
see
68%
up
68%
Hey
66%
hey
66%
Tell
66%
have
64%
lose
64%
mine
64%
fine
62%
meant
62%
we'll
62%
didn't
60%
heart
60%
hurt
60%
still
60%
break
58%
something
56%
things
56%
Thought
56%
blue
54%
fault
54%
had
54%
let
54%
oh
54%
Sorry
54%
sorry
54%
back
52%
much
52%
hands
50%
off
50%
Put
50%
burned
48%
proportion
48%
blew
46%
face
46%
jail
46%
there's
46%
fight
44%
away
42%
blame
40%
true
40%
reason
38%
attack
36%
Fighting
36%
'til
34%
Why'd
34%
behind
32%
boxing
30%
gloves
30%
walk
30%
Went
30%
blows
28%
light
28%
worth
28%
excruciating
26%
lift
26%
low
26%
Chemistry
24%
crying
24%
morning
24%
pinned
24%
punished
24%
silence
22%
island
20%
below
16%
ultraviolet
16%
lived
14%
sirens
14%
Tells
14%
No matching quizzes found
Score Distribution
Percent of People with Each Score
Percentile by Number Answered
Your Score History
You have not taken this quiz